000 00442nam a2200169Ia 4500
008 240729s9999 xx 000 0 und d
022 _a2041-4889
245 0 _aCell Death and Disease
260 _aUnited Kingdom
260 _bNature Publishing Group
650 _a Biology (General)
650 _a Cytology
650 _aScience
856 _uhttps://doaj.org/toc/6fcdbeaf17a14b36901375db778771ce
942 _2ddc
942 _cDOAJEJ
999 _c74299
_d74299
945 _a1
_bMadushi Gamage
_c1
_dMadushi Gamage